İslam'a giriş (Record no. 1690)

MARC details
000 -BAŞLIK
Sabit Uzunlukta Kontrol Alanı 00767na a2200265 4500
001 - KONTROL NUMARASI
Denetim Alanı 12930
003 - KONTROL NUMARASI IDENTIFIER
Denetim Alanı MIRAKIL
005 - SON İŞLEM TARİHİ VE ZAMANI
Denetim Alanı 20181213154831.0
008 - SABİT-BOY VERİ ELEMANLARI - GENEL BİLGİLER
Sabit Uzunlukta Kontrol Alanı 160831b tu 000 0
020 ## - ULUSLARARASI STANDART KİTAP NUMARASI
Uluslararası Standart Kitap Numarası 9789751942159
035 ## - SİSTEM KONTROL NUMARASI
Sistem Kontrol Numarası 12930
040 ## - KATALOGLAMA KAYNAK
Orijinal Kataloglama Ajansı Milas
Kataloglama Dili tur
Metne Dönüştürmek Ajansı TR-AnCHP
082 ## - DEWEY ONLU SINIFLANDIRMA NUMARASI
Sınıflandırma Numarası 297
Ürün Numarası İ74 2008
090 ## - SINIFLAMA NUMARASI
Sınıflama Numarası 297 İ74 2008
245 ## - BAŞLIK TABLOSU
Başlık İslam'a giriş
Başlığın Kalan evrensel mesajlar
Sorumluluk Tablosu, Vb Editör Mehmet Paçacı
246 ## - UNVAN FORM VARYING
Başlık Doğru / Kısa Başlığı Evrensel mesajlar
260 ## - YAYIN, DAĞITIM, VB
Yayın, Dağıtım, Vb Yeri Ankara
Yayıncı, Dağıtıcı, Vs Adı Diyanet İşleri Başkanlığı
Yayın, Dağıtım, Vb Tarihi 2008
300 ## - FİZİKSEL TANIM
Kapsam 740 s.
Boyutlar 24 sm.
490 ## - SERİSİ TABLOSU
Seri Beyanı Diyanet İşleri Başkanlığı yayınları
Hacim / Ardışık Tanımı 709
490 ## - SERİSİ TABLOSU
Seri Beyanı İlmi eserler serisi
Hacim / Ardışık Tanımı 121
504 ## - KAYNAKÇA VB NOT
Kaynakça Vb Notu Dizin var.
650 ## - KONU KATMA GİRİŞ - TOPİKAL DÖNEM
Topikal Süreli Veya Coğrafi Ad Giriş Elemanı İslam dini
Genel Alt Bölümü Evrensel mesajlar
700 ## - KATMA GİRİŞ - KİŞİSEL İSİM
Kişisel Ad Paçacı, Mehmet
942 ## - EKLENDİ GİRİŞ ELEMANLARI (KOHA)
Sınıflandırma Veya Raf Düzeni Kaynak
Koha Öğesi Türü Books
999 ## - SİSTEM KONTROL NUMARALARI (KOHA)
Koha Biblionumber 1690
Koha Biblioitemnumber 1690
Holdings
Kalıcı Konum Mevcut Konum Edinme Tarihi Edinim Kaynak Toplam Check-Out'Lar Tam Çağrı Numarası Barkod Tarih Son Görülme İtibaren Geçerli Fiyatlar Koha Öğesi Türü
CHP Kütüphanesi CHP Kütüphanesi 08/03/2016 Bağış   297 İ74 2008 000369 08/03/2016 08/03/2016 Books